| 000 -ლიდერი |
| ფიქსირებული სიგრძის საკონტროლო ველი |
01466nam a2200289Ia 4500 |
| 001 - საკონტროლო ნომერი |
| საკონტროლო ველი |
20038 |
| 003 - საკონტროლო ნომრის იდენტიფიკატორი |
| საკონტროლო ველი |
GE_BSU |
| 005 - ბოლო ოპერაციის თარიღი და დრო |
| საკონტროლო ველი |
20250326112407.0 |
| 008 - ფიქსირებული სიგრძის მონაცემთა ელემენტები - ზოგადი ინფორმაცია |
| ფიქსირებული სიგრძის საკონტროლო ველი |
181216s2011||||ge |||||||||||||| ||geo|| |
| 020 ## - წიგნის საერთაშორისო სტანდარტული ნომერი |
| International Standard Book Number |
978-9941-19-088-9 ო-52 |
| 040 ## - კატალოგიზაციის წყარო |
| Transcribing agency |
GE_BSU |
| 041 ## - ენის კოდი |
| Language code of text/sound track or separate title |
geo |
| 080 ## - უნივერსალური ათობითი კლასიფიკაციის ინდექსი |
| Universal Decimal Classification number |
821.353.1-391+ 910.4(4) ო-52 |
| 100 ## - მთავარი ჩანაწერი - პიროვნების სახელი |
| Personal name |
ორბელიანი, სულხან-საბა (1658-1725) |
| 9 (RLIN) |
24680 |
| 245 ## - ცნობა სათაურის შესახებ |
| Title |
სიბრძნე სიცრუისა ; მოგზაურობა ევროპაში / |
| Statement of responsibility, etc |
სულხან-საბა ორბელიანი ; [სარედ. ჯგუფი : ზურაბ აბაშიძე, მანანა ჯანელიძე, ირმა ხარშილაძე]. |
| 264 ## - წარმოების, გამოცემის, დისტრიბუციის და სხვა ცნობები |
| გამოცემის, წარმოების, დისტრიბუციის... ადგილი |
თბილისი : |
| გამოცემის, წარმოების, დისტრიბუციის... სახელწოდება |
პალიტრა L, |
| გამოცემის, წარმოების, დისტრიბუციის... თარიღი |
2011. |
| 300 ## - ფიზიკური აღწერა |
| Extent |
320 გვ. ; |
| Dimensions |
20 სმ. |
| 490 ## - სერიის ცნობა |
| Series statement |
ქართული პროზის საგანძური, 1987-8850 ; |
| Volume number/sequential designation |
ტ. 55 |
| 653 ## - INDEX TERM--UNCONTROLLED |
| Uncontrolled term |
პროზა |
| 653 ## - INDEX TERM--UNCONTROLLED |
| Uncontrolled term |
სიბრძნე სიცრუისა |
| 653 ## - INDEX TERM--UNCONTROLLED |
| Uncontrolled term |
მოგზაურობა ევროპაში |
| 700 ## - ADDED ENTRY--PERSONAL NAME |
| Personal name |
აბაშიძე, ზურაბ |
| Relator term |
რედაქტორი |
| 9 (RLIN) |
1322 |
| 700 ## - ADDED ENTRY--PERSONAL NAME |
| Personal name |
ჯანელიძე, მანანა |
| Relator term |
რედაქტორი |
| 9 (RLIN) |
1323 |
| 700 ## - ADDED ENTRY--PERSONAL NAME |
| Personal name |
ხარშილაძე, ირმა |
| Relator term |
რედატორი |
| 9 (RLIN) |
24681 |
| 942 ## - ADDED ENTRY ELEMENTS (KOHA) |
| Koha item type |
წიგნი |
| Source of classification or shelving scheme |
|